000 00676nam a22002777a 4500
003 UA-OsUOA
001 31333
007 ta
008 20041210b un ||||| |||| 00| 0 ukr d
100 _aМусієнко М.М.
700 _aСеребряков В.В.
700 _aБрайон О.В.
090 _a504(038)
_bМ91
942 _cBK
040 _aUA-OsUOA
_bukr
_cUA-OsUOA
_dUA-OsUOA
245 _aЕкологія
_bТлумачний словник
300 _a376 с.
955 _a0
041 _aukr
080 _a504(038)
020 _a966-06-0331-2
260 _aКиїв
_bЛибідь
_c2004
044 _aUA
650 7 _2UDC
999 _c317756
_d317756